La educación obligatoria en Iberoamérica /
Esta obra desarrolla el significado y los alcances de la educación obligatoria en Latinoamérica y una aproximación a la situación de la educación obligatoria en las zonas urbanas analizadas.
Gespeichert in:
| 1. Verfasser: | |
|---|---|
| Weitere Verfasser: | , |
| Format: | Buch |
| Sprache: | Spanisch |
| Veröffentlicht: |
Madrid, España :
Organización de Estados Iberoamericanos,
2000, c2000
|
| Schriftenreihe: | (Cuadernos de la OEI. Educación Comparada ;
6) |
| Schlagworte: | |
| Tags: |
Keine Tags, Fügen Sie das erste Tag hinzu!
|
MARC
| LEADER | 00000nam^a2200000^a^4500 | ||
|---|---|---|---|
| 001 | 000136375 | ||
| 005 | 20250521000000.0 | ||
| 009 | 20260310095315.803 | ||
| 020 | |a 84-7666-108-8 | ||
| 037 | |a Acervo ITESO - Biblioteca | ||
| 041 | |a ESP | ||
| 082 | |a 379. 230980 |b LLO | ||
| 100 | |a Llorent Bedmar, Vicente |e (autor) | ||
| 240 | 1 | 1 | |a [Cuadernos de la OEI] |
| 245 | 1 | 3 | |a La educación obligatoria en Iberoamérica / |c V. Llorent Bedmar, C. García Crespo, L. E. Aguilar. |
| 264 | 4 | |a Madrid, España : |b Organización de Estados Iberoamericanos, |c 2000, c2000 | |
| 300 | |a 92 p. | ||
| 336 | |a texto |b txt |2 rdacontenido | ||
| 337 | |a sin mediación |b n |2 rdamedio | ||
| 338 | |a volumen |b nc |2 rdasoporte | ||
| 440 | 1 | |a (Cuadernos de la OEI. |p Educación Comparada ; |v 6) | |
| 520 | |a Esta obra desarrolla el significado y los alcances de la educación obligatoria en Latinoamérica y una aproximación a la situación de la educación obligatoria en las zonas urbanas analizadas. | ||
| 649 | |a XX | ||
| 650 | |a Educación Obligatoria - |z Latinoamérica | ||
| 650 | |a Currículo | ||
| 650 | |a Calendario Escolar | ||
| 650 | |a Carga Docente | ||
| 650 | |a Demanda de Educación | ||
| 650 | |a Diagnóstico Educativo | ||
| 650 | |a Sistema Escolar | ||
| 650 | |a Planeación Educativa | ||
| 650 | |a Actividades Extracurriculares | ||
| 650 | |a Educación Formal - |z Latinoamérica | ||
| 650 | |a Educación Pública - |z Latinoamérica | ||
| 650 | |a Educación Comparada - |z Latinoamérica | ||
| 700 | |a García Crespo, Clementina |e (autor) | ||
| 700 | |a Aguilar, Luis Enrique |e (autor) | ||
| 910 | |a Fondo General | ||
| 920 | |a Impresos - Libros | ||
| 930 | |a Colección General | ||
| 905 | |a 101 | ||
| 901 | |a 0500065147 |b IT1 |c ACC |u 20250521 | ||
| 902 | |a https://opac.biblio.iteso.mx/vufind/Record/000136375 | ||